El movimiento revolucionario latinoamericano : versiones de la primera conferencia comunista latino /
Guardado en:
| Formato: | Libro |
|---|---|
| Publicado: |
Buenos Aires :
Revista "la Correspondencia Sudamericana",
1929
|
| Materias: | |
| Etiquetas: |
Agregar Etiqueta
Sin Etiquetas, Sea el primero en etiquetar este registro!
|
| LEADER | 00659nam a22001935a 4500 | ||
|---|---|---|---|
| 001 | EHU.bham024982 | ||
| 003 | AR-BHAM | ||
| 005 | 20130508104347.0 | ||
| 008 | 130507s1929##################000#0#####d | ||
| 082 | 3 | 3 | |a 335.980 |
| 245 | 0 | 0 | |a El movimiento revolucionario latinoamericano : |b versiones de la primera conferencia comunista latino / |
| 260 | |a Buenos Aires : |b Revista "la Correspondencia Sudamericana", |c 1929 | ||
| 300 | |a 381 p. | ||
| 653 | |a Donacion lejarraga | ||
| 653 | |a Comunismo | ||
| 653 | |a Comunismo-marxismo/leninismo | ||
| 653 | |a Movimiento revolucionario | ||
| 653 | |a Revolucion | ||
| 859 | |a AR-BHAM |b BIB. HUMANIDADES - General |h 335.980 |i M871 |p 675.02 |t Ej.1 | ||
